00494cam a22001812 4500001001100000005001700011008004100028020001700069040001500086100004000101245005600141250001200197260003200209300001100241650002600252650003100278852000300309000002059020151217145925.0110926s xx 000 0 eng d a8184487480 : aKABUcKABU1 aSarmukaddam, Sanjeev B.@000018099710aBiostatistics simplified /cSarmukaddam, Sanjeev B. a1st ed. aNew Delhi :bJaypee,c2010. a412 p. 0aBiometry.@0000155248 0aBiostatistics.@00001809981